Atlas histórico de los concilios y de los sínodos

Uloženo v:
Podrobná bibliografie
Hlavní autor: Laboa, Juan María (autor)
Médium: Kniha
Jazyk:španělština
Vydáno: Madrid San Pablo 2008
Témata:
Tagy: Přidat tag
Žádné tagy, Buďte první, kdo vytvoří štítek k tomuto záznamu!

MARC

LEADER 00000nam a2200000 a 4500
001 UCG6141
003 CL-VaPUC
008 110407e20080000SP |||||||||||||||||spa|d
020 |a 9788428533577 
082 0 4 |a 221.91  |b LAB  |2 21 
100 |a Laboa, Juan María  |e autor  |9 443395 
245 1 0 |a Atlas histórico de los concilios y de los sínodos 
300 |a 239 p 
942 |c BK 
945 |d 20110407 00:00:00  |a jcampos 
260 |a Madrid  |b San Pablo  |c 2008 
650 7 |a HISTORIA CONCILIOS  |2 CL-VaPUC  |9 556158 
650 0 |a Mapas  |9 260844 
583 |a last modification  |c 20110407 00:00:00  |k Rodrigo Vera 
999 |c 344428  |d 344426 
952 |0 0  |1 0  |4 0  |6 221_910000000000000_LAB_2008  |7 0  |8 X  |9 442398  |a BIBTEO  |b BIBTEO  |d 2019-11-22  |i 4763297  |l 1  |o 221.91 LAB 2008  |p 4763297  |r 2025-01-17  |s 2023-10-18  |w 2019-11-22  |y BK_X  |k ICR